000 00817caa a2200217 4500
999 _c458401
_d458401
001 5148669
003 UA-OsUOA
005 20200303153121.0
008 200303b un ||||| |||| 00| 0 ukr d
040 _aUA-OsUOA
_bukr
_cUA-OsUOA
_dUA-OsUOA
041 _aukr
080 _a908
090 _a908
100 _a Бондарчук Я.
245 _aОстрозьке Кирило-Мефодіївське братство
_cЯ. Бондарчук
300 _aС. 197–202
650 _2UDC
773 0 _0399317
_9416565
_dОстрог НаУОА 2013
_o148880
_tОстрозький краєзнавчий збірник
_w(UA-OsUOA) 113460
942 _2udc
_cBKA